La Catira

Gorde:
Xehetasun bibliografikoak
Egile nagusia: Cela, Camilo José
Formatua: Liburua
Hizkuntza:Undetermined
Argitaratua: Barcelona, España Editorial Noguer 1976
Edizioa:7
Gaiak:
Etiketak: Etiketa erantsi
Etiketarik gabe, Izan zaitez lehena erregistro honi etiketa jartzen!

MARC

LEADER 00000nam a2200000Ia 4500
008 170316s9999 xx 000 0 und d
040 |a cru BVZT 
090 |a 862 C-33ca 
100 |a Cela, Camilo José 
245 |a La Catira 
250 |a 7 
260 |a Barcelona, España  |b Editorial Noguer  |c 1976 
300 |a 315 páginas 
650 |a LITERATURA ESPAÑOLA 
650 |a EN IDIOMA ESPAÑOL 
650 |a NOVELA 
999 |c 9660  |d 9660 
942 |c 15 D  |h 862 C-33ca  |2 z